000 00490nam a2200205Ia 4500
003 0100
008 130303s9999 xx 000 0 und d
040 _cARRUPELIB
050 _aB2430.S32E53 1965
245 4 _aThe philosophy of Jean-Paul Sartre
260 _aNew York
260 _bRandom House
260 _C1965
300 _axii
300 _b 494p. 22cm.
650 _aPHILOSOPHY
650 _bAdventure -- Living
700 _aCumming, Robert Denoon (ed.)
942 0 0 _02
999 _c40124
_d40124